Four-letter Cities on a Map. Global Edition. - Statistics

General Stats
  • This quiz has been taken 69 times
  • The average score is 19 of 26
Answers on the Map
Answers color-coded by a green-red scale on the quiz's map according to % correct below.
 
Answer Stats
Answer % Correct
Rome
100%
Lima
99%
Oslo
99%
Kyiv
96%
Bern
93%
Riga
93%
Doha
88%
Nice
88%
Baku
87%
Lyon
87%
Nuuk
79%
Lviv
75%
Juba
69%
Cali
66%
Lodz
66%
Pisa
66%
Xian
65%
Gaza
63%
Giza
63%
Kobe
62%
Cebu
59%
Pune
56%
Agra
51%
Perm
47%
Leon
37%
Cixi
15%
No matching quizzes found
Score Distribution
Percent of People with Each Score
Percentile by Number Answered
Your Score History
You have not taken this quiz